| 000 | 00496nam a2200181Ia 4500 | ||
|---|---|---|---|
| 999 |
_c18269 _d18269 |
||
| 082 | _a304.6 POP; | ||
| 245 | 0 | _aPopulation science: a multidisciplinary study | |
| 260 |
_aTirupati _bSri Venkateswara University _c0 |
||
| 300 | _a179p. | ||
| 650 | _aPopulation - Economic aspects | ||
| 650 | _aPopulation geography | ||
| 650 | _aPopulation psychology | ||
| 650 | _aPopulation control | ||
| 650 | _aBirth control | ||
| 650 | _aDemographic surveys | ||
| 700 | _aNagda, Sohanlal | ||
| 942 | _cBK | ||